Nada más que la verdad : el juicio a las juntas /

Guardado en:
Autor Principal: Ciancaglini, Sergio
Otros Autores: Granovsky, Martin
Formato: Libro
Publicado: Buenos Aires : Planeta, 1995
Series:Espejo de la Argentina
Materias:
Etiquetas: Agregar Etiqueta
Sin Etiquetas, Sea el primero en etiquetar este registro!
LEADER 00823nam a22002535a 4500
001 CEM.cems009068
005 20090909114014.0
008 130507s1995##################000#0#####d
003 CEMS
020 |a 9507426647 
082 0 4 |a 982.06 
100 1 |a Ciancaglini, Sergio 
245 1 0 |a Nada más que la verdad :  |b el juicio a las juntas /  |c Sergio Ciancaglini, Martín Granovsky 
260 |a Buenos Aires :  |b Planeta,  |c 1995 
300 |a 467 p. 
490 0 |a Espejo de la Argentina 
500 |a Incompleto 
505 0 |a La guerra sucia desde el golpe hasta las autocríticas militares. 
653 |a Historia 
653 |a Historia argentina 1976-1995 
653 |a Proceso de reorganización 
653 |a Terrorismo de estado 
700 1 |a Granovsky, Martin 
859 |a CEMS  |b BIB. CEMS - 11 de abril  |h 982.06  |i C341  |p 18688.95  |t Ej.1